<?xml version="1.0" encoding="UTF-8"?>
<record
    xmlns:xsi="http://www.w3.org/2001/XMLSchema-instance"
    xsi:schemaLocation="http://www.loc.gov/MARC21/slim http://www.loc.gov/standards/marcxml/schema/MARC21slim.xsd"
    xmlns="http://www.loc.gov/MARC21/slim">

  <leader>01008nam a2200253 a 4500</leader>
  <controlfield tag="001">79569</controlfield>
  <controlfield tag="003">BD-RjUL</controlfield>
  <controlfield tag="005">20220316131304.0</controlfield>
  <controlfield tag="008">220315s1959    le            000 0 ara d</controlfield>
  <datafield tag="035" ind1=" " ind2=" ">
    <subfield code="a">(BD-RjUL)79569</subfield>
  </datafield>
  <datafield tag="040" ind1=" " ind2=" ">
    <subfield code="a">TAU</subfield>
    <subfield code="c">BD-RjUL</subfield>
    <subfield code="b">eng</subfield>
  </datafield>
  <datafield tag="041" ind1="0" ind2=" ">
    <subfield code="a">ara</subfield>
  </datafield>
  <datafield tag="082" ind1=" " ind2=" ">
    <subfield code="2">23</subfield>
    <subfield code="a">962.02</subfield>
    <subfield code="b">KIW </subfield>
  </datafield>
  <datafield tag="090" ind1=" " ind2=" ">
    <subfield code="a">962.02</subfield>
  </datafield>
  <datafield tag="100" ind1="1" ind2=" ">
    <subfield code="a"> &#x627;&#x644;&#x643;&#x646;&#x62F;&#x64A;&#x60C; &#x645;&#x62D;&#x645;&#x62F; &#x628;&#x646; &#x64A;&#x648;&#x633;&#x641;  ;; Al-Kindi, Muhammad bin Yusuf, </subfield>
    <subfield code="d">897-961</subfield>
    <subfield code="9">1890</subfield>
  </datafield>
  <datafield tag="245" ind1="1" ind2="0">
    <subfield code="a">&#x648;&#x644;&#x627;&#x629; &#x645;&#x635;&#x631; /[wulat misr]The Governors of Egypt or kitab al Umara of al kindi /</subfield>
    <subfield code="c">Mu&#x1E25;ammad ibn Y&#x16B;suf Kind&#x12B;; &#x1E24;usayn Na&#x1E63;&#x1E63;&#x101;r  ;; &#x62A;&#x623;&#x644;&#x64A;&#x641; &#x645;&#x62D;&#x645;&#x62F; &#x628;&#x646; &#x64A;&#x648;&#x633;&#x641; &#x627;&#x644;&#x643;&#x646;&#x62F;&#x64A; &#x61B; &#x62A;&#x62D;&#x642;&#x64A;&#x642; &#x62D;&#x633;&#x64A;&#x646; &#x646;&#x635;&#x627;&#x631;</subfield>
  </datafield>
  <datafield tag="260" ind1=" " ind2=" ">
    <subfield code="a">&#x628;&#x64A;&#x631;&#x648;&#x62A; :</subfield>
    <subfield code="b">&#x62F;&#x627;&#x631; &#x628;&#x64A;&#x631;&#x648;&#x62A;&#x60C;</subfield>
    <subfield code="c">&#x661;&#x669;&#x665;&#x669;&#x645;. &#x661;&#x663;&#x667;&#x669; &#x647;&#x62C;.</subfield>
  </datafield>
  <datafield tag="300" ind1=" " ind2=" ">
    <subfield code="a">&#x663;&#x666;&#x668; &#x635;</subfield>
    <subfield code="c">22 cm</subfield>
  </datafield>
  <datafield tag="500" ind1=" " ind2=" ">
    <subfield code="a">&#x634;&#x627;&#x631;&#x643; &#x641;&#x64A; &#x646;&#x634;&#x631;&#x647; : &#x62F;&#x627;&#x631; &#x635;&#x627;&#x62F;&#x631; &#x628;&#x628;&#x64A;&#x631;&#x648;&#x62A;</subfield>
  </datafield>
  <datafield tag="651" ind1=" " ind2="4">
    <subfield code="a">Egypt</subfield>
    <subfield code="x">History</subfield>
    <subfield code="y">640-1250</subfield>
    <subfield code="9">1891</subfield>
  </datafield>
  <datafield tag="651" ind1=" " ind2="4">
    <subfield code="a">Egypt</subfield>
    <subfield code="v">Biography</subfield>
    <subfield code="9">1892</subfield>
  </datafield>
  <datafield tag="700" ind1="1" ind2=" ">
    <subfield code="a">Nassar, Hussein ;; &#x646;&#x635;&#x627;&#x631;&#x60C; &#x62D;&#x633;&#x64A;&#x646;</subfield>
    <subfield code="9">1893</subfield>
  </datafield>
  <datafield tag="942" ind1=" " ind2=" ">
    <subfield code="2">ddc</subfield>
    <subfield code="c">BK</subfield>
  </datafield>
  <datafield tag="999" ind1=" " ind2=" ">
    <subfield code="c">79569</subfield>
    <subfield code="d">79569</subfield>
  </datafield>
  <datafield tag="952" ind1=" " ind2=" ">
    <subfield code="0">0</subfield>
    <subfield code="1">0</subfield>
    <subfield code="2">ddc</subfield>
    <subfield code="4">0</subfield>
    <subfield code="7">1</subfield>
    <subfield code="8">NFIC</subfield>
    <subfield code="a">RUCL</subfield>
    <subfield code="b">RUCL</subfield>
    <subfield code="c">Reading</subfield>
    <subfield code="d">1968-09-13</subfield>
    <subfield code="e">Zeitlinger</subfield>
    <subfield code="g">47.00</subfield>
    <subfield code="o">A 962.02 KIW 1959</subfield>
    <subfield code="r">2022-03-16 00:00:00</subfield>
    <subfield code="t">C-1</subfield>
    <subfield code="y">BK</subfield>
  </datafield>
</record>
